<?xml version="1.0" encoding="UTF-8"?>
<record
    xmlns:xsi="http://www.w3.org/2001/XMLSchema-instance"
    xsi:schemaLocation="http://www.loc.gov/MARC21/slim http://www.loc.gov/standards/marcxml/schema/MARC21slim.xsd"
    xmlns="http://www.loc.gov/MARC21/slim">

  <leader>00941nam a2200169Ia 4500</leader>
  <datafield tag="952" ind1=" " ind2=" ">
    <subfield code="0">0</subfield>
    <subfield code="1">0</subfield>
    <subfield code="4">0</subfield>
    <subfield code="7">0</subfield>
    <subfield code="a">18</subfield>
    <subfield code="b">18</subfield>
    <subfield code="d">2011-10-14</subfield>
    <subfield code="l">0</subfield>
    <subfield code="o">HF5686.C8 I93</subfield>
    <subfield code="p">18 001517</subfield>
    <subfield code="r">2012-06-26</subfield>
    <subfield code="t">1</subfield>
    <subfield code="w">2012-06-26</subfield>
    <subfield code="y">LB</subfield>
  </datafield>
  <datafield tag="999" ind1=" " ind2=" ">
    <subfield code="c">74641</subfield>
    <subfield code="d">74641</subfield>
  </datafield>
  <controlfield tag="008">120626s2007    mx            000 0 spa d</controlfield>
  <datafield tag="020" ind1=" " ind2=" ">
    <subfield code="a">9789682479397</subfield>
  </datafield>
  <datafield tag="050" ind1=" " ind2=" ">
    <subfield code="a">HF5686.C8</subfield>
    <subfield code="b">I93</subfield>
  </datafield>
  <datafield tag="100" ind1="1" ind2=" ">
    <subfield code="a">Izar Landeta, Juan Manuel</subfield>
    <subfield code="e">autor</subfield>
  </datafield>
  <datafield tag="245" ind1="1" ind2="0">
    <subfield code="a">Contabilidad gerencial</subfield>
    <subfield code="b"> : Gu&#xED;a  t&#xE9;cnica</subfield>
    <subfield code="c"> / Juan Manuel Izar Landeta</subfield>
  </datafield>
  <datafield tag="260" ind1="3" ind2=" ">
    <subfield code="a">M&#xE9;xico</subfield>
    <subfield code="b"> : Trillas</subfield>
    <subfield code="c">, 2007</subfield>
  </datafield>
  <datafield tag="300" ind1=" " ind2=" ">
    <subfield code="a">240 p&#xE1;ginas</subfield>
  </datafield>
  <datafield tag="505" ind1=" " ind2=" ">
    <subfield code="a">Sistemas modernos de administraci&#xF3;n de costos
Dise&#xF1;o del sistemas de administraci&#xF3;n de costos
El sistema de costeo por actividades
La administraci&#xF3;n basad en actividades
El modelo costo volumen utilidad
Fijaci&#xF3;n de precios
Toma de decisiones a corto plazo
Evaluaci&#xF3;n financiera de proyectos de inversi&#xF3;n
El modelo del valor econ&#xF3;mico agregado
El sistema integrado abc-eva
Fijaci&#xF3;n de precios de transferencia
Modelos de pron&#xF3;sticos</subfield>
  </datafield>
  <datafield tag="519" ind1=" " ind2=" ">
    <subfield code="a">Material Complementario / </subfield>
    <subfield code="d">(18 001517)</subfield>
  </datafield>
  <datafield tag="650" ind1=" " ind2="0">
    <subfield code="a">CONTABILIDAD</subfield>
  </datafield>
  <datafield tag="942" ind1=" " ind2=" ">
    <subfield code="c">LB</subfield>
  </datafield>
</record>
